00398nam a2200157Ia 4500001000500000005001700005008004100022041000800063082001600071100005400087245004600141260000900187300002800196650000800224654000800232387520260306145715.0260306t2007||||xx |||||||||||||| ||spa|| aESP a304.83bI59 aInstituto Interamericano de Derechos HumanoseAUT 0aMigraciones indígenas en las Américas c2007 a185 páginas :c27 cm. aGEN aCHU